| 000 | 00402nam a2200157Ia 4500 | ||
|---|---|---|---|
| 003 | GCL | ||
| 008 | 140319s9999 xx 000 0 ara d | ||
| 040 |
_aGCL / _cGCL |
||
| 082 | 0 | 4 |
_aد _b050 |
| 100 | 1 | _aثروت اباظة | |
| 245 | 1 | 0 |
_aابن عمار (اقرا 143 ) / _cثروت اباظة |
| 300 | _a123 | ||
| 490 |
_aاقرأ _v0 |
||
| 650 | 0 | 4 | _aالقصص التاريخية |
| 942 |
_2ddc _cBK |
||
| 999 |
_c48566 _d48566 |
||